000 00752nam a22002657a 4500
999 _c316547
_d316547
001 30140
003 UA-OsUOA
005 20191120140554.0
007 ta
008 20041105b un ||||| |||| 00| 0 ukr d
040 _aUA-OsUOA
_brus
_cUA-OsUOA
_dUA-OsUOA
041 _arus
044 _aRU
080 _a913(6)
090 _a913(6)
_bГ19
100 _aГанзелка И.
245 _aАфрика грёз и действительности
_cГанзелка Иржи
246 3 1 _nч.2
260 _aМосква
_bИздательство иностранной литературы
_c1956
300 _a318 с.
650 7 _2UDC
942 _cBK
_2udc
955 _a0